Numerical methods for engineers / (Record no. 26271)

MARC details
000 -LEADER
fixed length control field 01284nam a2200337 i 4500
003 - CONTROL NUMBER IDENTIFIER
control field EG-ScBUE
005 - DATE AND TIME OF LATEST TRANSACTION
control field 20240916130939.0
008 - FIXED-LENGTH DATA ELEMENTS--GENERAL INFORMATION
fixed length control field 180311s2015 nyua f b 001 0 eng d
020 ## - INTERNATIONAL STANDARD BOOK NUMBER
International Standard Book Number 9789814670876
020 ## - INTERNATIONAL STANDARD BOOK NUMBER
International Standard Book Number 9814670871
040 ## - CATALOGING SOURCE
Original cataloging agency EG-ScBUE
Language of cataloging eng
Description conventions rda
Transcribing agency EG-ScBUE
Modifying agency EG-ScBUE
082 04 - DEWEY DECIMAL CLASSIFICATION NUMBER
Classification number 511.02462
Item number CHA
Edition number 22
100 1# - MAIN ENTRY--PERSONAL NAME
Personal name Chapra, steven C.,
Relator term author.
245 10 - TITLE STATEMENT
Title Numerical methods for engineers /
Statement of responsibility, etc Steven C. Chapra, berger chair in computing and engineering, Tufts University, Raymond P. Canale, professor emeritus of civil engineering, University of Michigan.
250 ## - EDITION STATEMENT
Edition statement Seventh edition.
250 ## - EDITION STATEMENT
Edition statement International edition.
264 #1 - PUBLICATION, DISTRIBUTION, ETC. (IMPRINT)
Place of publication, distribution, etc New York :
Name of publisher, distributor, etc McGraw-Hill Education,
Date of publication, distribution, etc 2015.
300 ## - PHYSICAL DESCRIPTION
Extent xvi, 970 pages :
Other physical details illustrations ;
Dimensions 28 cm
336 ## - CONTENT TYPE
Source rdacontent
Content type term text
Content type code txt
337 ## - MEDIA TYPE
Media type term unmediated
Source rdamedia
Media type code n
338 ## - CARRIER TYPE
Carrier type term volume
Carrier type code nc
Source rdacarrier
504 ## - BIBLIOGRAPHY, ETC. NOTE
Bibliography, etc Includes bibliographical references and index.
650 #7 - SUBJECT ADDED ENTRY--TOPICAL TERM
Topical term or geographic name as entry element Numerical calculations
General subdivision Data processing.
Source of heading or term BUEsh
9 (RLIN) 12960
650 #7 - SUBJECT ADDED ENTRY--TOPICAL TERM
Topical term or geographic name as entry element Engineering mathematics
General subdivision Data processing.
Source of heading or term BUEsh
650 #7 - SUBJECT ADDED ENTRY--TOPICAL TERM
Topical term or geographic name as entry element Microcomputers
General subdivision Programming.
Source of heading or term BUEsh
651 ## - SUBJECT ADDED ENTRY--GEOGRAPHIC NAME
Source of heading or term BUEsh
653 ## - INDEX TERM--UNCONTROLLED
Resource For college Engineering, General
Arrived date list March2018
655 ## - INDEX TERM--GENRE/FORM
Form subdivision Text book
9 (RLIN) 33728
700 1# - ADDED ENTRY--PERSONAL NAME
Personal name Canale, Raymond P.,
Relator term author.
9 (RLIN) 12962
942 ## - ADDED ENTRY ELEMENTS (KOHA)
Source of classification or shelving scheme Dewey Decimal Classification
Koha item type Book - Borrowing
Holdings
Withdrawn status Lost status Source of classification or shelving scheme Damaged status Not for loan Collection code Home library Current library Shelving location Date acquired Source of acquisition Total Checkouts Total Renewals Full call number Barcode Date last seen Date checked out Price effective from Koha item type
    Dewey Decimal Classification     Baccah Central Library Central Library First floor 11/03/2018 Purchase 2 19 511.02462 CHA 000046769 15/07/2025 05/03/2023 11/03/2018 Book - Borrowing
    Dewey Decimal Classification     Baccah Central Library Central Library First floor 11/03/2018 Purchase 2 19 511.02462 CHA 000046768 15/07/2025 30/10/2022 11/03/2018 Book - Borrowing
    Dewey Decimal Classification     Baccah Central Library Central Library First floor 11/03/2018 Purchase     511.02462 CHA 000046767 15/07/2025   11/03/2018 NB - Book (Non borrowing)